Statistics for Lee Pace Filmography

Click here to take the quiz!

General Stats

  • This quiz has been taken 7 times
    (3 since last reset)
  • The average score is 6 of 50

Answer Stats

TypeYearName% Correct
Film2013The Hobbit: The Desolation of Smaug
100%
Film2019Captain Marvel
67%
Web Series2021-PresentFoundation
67%
Film2014Guardians of the Galaxy
67%
Film2014The Hobbit: The Battle of the Five Armies
67%
Theater2006Guardians
33%
Film2006Infamous
33%
Film2010Marmaduke
33%
Film2006The Good Shepherd
33%
Film2012The Hobbit: An Unexpected Journey
33%
Film2005The White Countess
33%
Documentary Series2019When Whales Walked: Journeys in Deep Time
33%
Film201230 Beats
0%
Theater2018Angels in America
0%
Film2009A Single Man
0%
Film2022Bodies Bodies Bodies
0%
Film2011Ceremony
0%
Film2018Driven
0%
TV Show2019Flying Tiger
0%
Theater2012-2013Golden Age
0%
TV Show2014-2017Halt and Catch Fire
0%
TV Show2002Law & Order: Special Victims Unit
0%
Film2012Lincoln
0%
Film2008Miss Pettigrew Lives for a Day
0%
Theater2019Nassim
0%
Documentary Series2016Nature Is Speaking
0%
Short Film2008Polarbearman
0%
Film2009Possession
0%
TV Show2007-2009Pushing Daisies
0%
Film2017Revolt
0%
TV Show2015Robot Chicken
0%
Theater2004Small Tragedy
0%
Film2003Soldier's Girl
0%
Film2017The Book of Henry
0%
Theater2001The Credeaux Canvas
0%
Theater2018The Destiny of Me
0%
Film2006The Fall
0%
Theater2002The Fourth Sister
0%
Film2017The Keeping Hours
0%
TV Show2015The Mindy Project
0%
TV Film2011The Miraculous Year
0%
Theater2011The Normal Heart
0%
Film2018The Party's Just Beginning
0%
Film2015The Program
0%
Film2011The Resident
0%
Film2012The Twilight Saga: Breaking Dawn - Part 2
0%
Commercial2011Tiffany & Co.
0%
Film2019Weathering with You
0%
Film2010When in Rome
0%
TV Show2004Wonderfalls
0%

Score Distribution

Percentile by Number Answered

Percent of People with Each Score

Your Score History

You have not taken this quiz since the last reset